000 00444nam a22001577a 4500
020 _a9789694962955
082 _a891.4391
_bJAV
100 _aJaved, Inam Ul Haq
245 _aDiwan-i-Khas /
_cInam Ul Haq Javed
260 _aIslamabad :
_bDost Publications,
_c2011.
300 _a160p. ;
_c22 cm.
563 _aHBK.
880 _6100-01\r
_aانعام الحق جاوید
880 _6245-02\r
_aديوان خاص /
942 _2ddc
_cBK
999 _c588627
_d588627